| 000 | 00706cam a22002292 4500 | ||
|---|---|---|---|
| 001 | 0000001254 | ||
| 005 | 20151021151051.0 | ||
| 008 | 070228s xx 000 0 eng d | ||
| 020 | _a8125916947 : | ||
| 040 |
_aKABU _cKABU |
||
| 050 | 0 |
_aHA29 _b.G87 2004 |
|
| 100 | 1 |
_aGupta, C. B. _@0000149876 |
|
| 245 | 1 | 3 |
_aAn Introduction to statistical methods / _cC. B. Gupta and Vijay Gupta. |
| 250 | _a23rd rev. ed. | ||
| 260 |
_aNew Delhi : _bVikas Publishing, _c2004. |
||
| 300 | _axxvii, 829 p. | ||
| 650 | 0 |
_aSocial sciences _xStatistical methods. _@0000148274 |
|
| 700 | 1 |
_aGupta, Vijay. _@0000149877 |
|
| 908 | _a070228 | ||
| 950 | _@1 | ||
| 999 |
_c319 _d319 |
||